progressive education :a critical introduction
Guardado en:
| Autor principal: | |
|---|---|
| Formato: | Libro |
| Lenguaje: | inglés |
| Publicado: |
Bloomsbury Aademic
2013
|
| Etiquetas: |
Agregar Etiqueta
Sin Etiquetas, Sea el primero en etiquetar este registro!
|
MARC
| LEADER | 00000nam a22000007a 4500 | ||
|---|---|---|---|
| 008 | 210908b ||||| |||| 00| 0 eng d | ||
| 020 | |a 9781441141729 | ||
| 100 | |a HOWLETT, John | ||
| 245 | |a progressive education |b :a critical introduction |c John Howlett |g 306p. | ||
| 260 | |b Bloomsbury Aademic |c 2013 |h New York |i 696812 |i 696813 |l LB1027.3.H84 |m Education-Experimental methods |m Progressive education |m Education--Philosophy |m Education--Social aspects | ||
| 500 | |a It includes bibliography and index | ||
| 942 | |a lcc |c BK |e Kuteyi, M. A. |f 8/9/2021 | ||
| 952 | |0 0 |1 0 |2 lcc |4 0 |6 LB10273 H84 |7 0 |9 3457 |a HOL |b HOL |c LP |d 2021-09-08 |l 0 |o LB1027.3.H84 |p 2021-67170 |r 2021-09-08 00:00:00 |w 2021-09-08 |y BK | ||
| 952 | |0 0 |1 0 |2 lcc |4 0 |6 LB10273 H84 |7 0 |9 3458 |a HOL |b ED |c LP |d 2021-09-08 |l 0 |o LB1027.3.H84 |p 2021-67171 |r 2021-09-08 00:00:00 |w 2021-09-08 |y BK | ||
| 999 | |c 1721 |d 1721 | ||